Poľnohospodársky systém v rozvojových krajinách: komparácia rozvojových regiónov
Poľnohospodárske systémy v rozvojových krajinách. Komparácia štruktúr poľnohospodárskych systémov v rozvojových regiónoch.
Enregistré dans:
| Auteur principal: | |
|---|---|
| Format: | Chapitre de livre |
| Langue: | slovaque |
| Sujets: | |
| Tags: |
Pas de tags, Soyez le premier à ajouter un tag!
|
MARC
| LEADER | 00000naa$a2200000$$$4500 | ||
|---|---|---|---|
| 001 | 0257508 | ||
| 005 | 20240502074103.2 | ||
| 041 | 0 | |a slo | |
| 044 | |a SK | ||
| 245 | 1 | 0 | |a Poľnohospodársky systém v rozvojových krajinách: komparácia rozvojových regiónov |c Mykhaylo Kunychka |
| 520 | |a Poľnohospodárske systémy v rozvojových krajinách. Komparácia štruktúr poľnohospodárskych systémov v rozvojových regiónoch. | ||
| 610 | 2 | 0 | |a poľnohospodárstvo |
| 610 | 2 | 0 | |a vidiek |
| 610 | 2 | 0 | |a krajiny rozvojové |
| 610 | 2 | 0 | |a Latinská Amerika |
| 100 | 1 | |a Kunychka, Mykhaylo, 1990- | |